La reparacin̤ econm̤ica a la vc̕tima en el sistema de justicia

Detalles Bibliográficos
Autor principal: Soleto, Helena
Otros Autores: Gran,̌ Aurea
Formato: eBook
Lenguaje:español
Publicado: Madrid: Dykinson, 2019
Materias:
Acceso en línea:Acceso restringido

MARC

LEADER 00000nam a22000007a 4500
005 20190830231247.0
007 cr|||| ||||
008 190830s2019 es |||||s|||| 00||0 spa d
020 |a 978-84-1324-178-4 
035 |a 24157 
040 |a vLex 
090 |c 9344  |d 9344 
100 1 |a Soleto, Helena 
245 1 2 |a La reparacin̤ econm̤ica a la vc̕tima en el sistema de justicia  |h [Recurso electrn̤ico] /  |c Helena Soleto, Aurea Graň 
256 |a Servicio en ln̕ea 
260 |a Madrid:  |b Dykinson,  |c 2019 
300 |a 1 recurso electrn̤ico 
500 |a Existe abundante evidencia, y es cada vez ms̀ reconocido, que la solucin̤ a los problemas a los que se enfrentan las sociedades en el siglo XXI va a requerir enfoques interdisciplinarios, donde la mezcla de conocimientos de expertos de distintos campos genere formas nuevas de abordar viejos problemas. En particular, la digitalizacin̤ de la informacin̤, la capacidad creciente de recoger datos con bajo coste y de transmitirlos y analizarlos a gran velocidad, el llamado entorno Big Data, est ̀aportando nueva evidencia empr̕ica para transformar muchas facetas de nuestra sociedad. Este cambio, sin embargo, no se producido an︢ en el terreno de la justicia, que tiene hondas rac̕es ancladas en la tradicin̤. Sin embargo, es patente la necesidad de transformar nuestro sistema legal para adaptarlo a las necesidades actuales: segn︢ el Barm̤etro Externo encargado por el Consejo General de la Abogaca̕ Espaǫla, la mayora̕ de los ciudadanos creen que la Administracin̤ de Justicia funciona mal, siendo lenta e ineficaz. Cualquier propuesta sensata para modificar nuestro sistema legal debe partir de los datos que describan su funcionamiento actual, y este libro es especialmente bienvenido al representar un avance pionero en esta direccin̤. 
506 1 |a Disponible solo en los productos indicados  |d vLex Global  |d vLex Global (Academic Edition, excluding Law Schools)  |d vLex Global (U.S. Academic Edition, Law Schools)  |d vLex Global (U.S. Academic Edition, excluding Law Schools)  |d vLex Global (Academic Edition, Law Schools) 
650 0 4 |a Derecho Penal  |z Espaą 
650 0 4 |a Procedimiento Penal  |z Espaą 
700 1 |a Gran,̌ Aurea 
740 0 |a vLex Libros (Servicio en ln̕ea) 
856 4 0 |u http://vlex.com/source/reparacion-economica-a-la-victima-en-el-sistema-de-justicia-24157  |z Acceso restringido 
942 |c BOOK 
999 0 |a Criminal Law 
999 0 |a Criminal Procedure